000 01284nam a2200313 4500
003 EG-GICUC
005 20260420103026.0
008 260420b1978 ua|||||fr|||| 00| 0 ara d
017 _a1978/3680
020 _a9777307000
040 _a EG-GICUC
_bara
_c EG-GICUC
_d EG-GICUC
_erda
043 _af-ua---
082 0 4 _221
_a343.3
092 0 4 _221
099 _aLaw1 10 343.3 ر م . إ 1978
100 0 _aرمسيس بهنام
245 1 2 _aالإجراءات الجنائية تأصيلا وتحليلاً :
_bالإجراء الاستقصائي (الاستدلال والتحقيق - الإجراء القضائي - طرق العن في الأحكام - الإجراء التنفيذي /
_cرمسيس بهنام.
_nالجزء الثاني
264 1 _aالإسكندرية:
_bمنشأة المعارف,
_c1978.
300 _a486; صفحة
_c24 سم
_bإيضاحيات، صور، مثيليات ؛
336 _2rda content
_atext
337 _2rda media
_aComputer
338 _2rda carrier
_aOnline Resource
504 _a. 240-220 ببليوجرافيا: صفحات.
650 1 4 _aقانون الإجراءات الجنائية
_2qrmak
651 1 _2qrmak
856 4 0 _uhttps://fll.law.cu.edu.eg/fulltext/bks/B10-07516.pdf
905 _a17
942 _2ddc
_n0
_cBK
_e21
999 _c72076
_d72076